| 000 | 01179nam a22003377a 4500 | ||
|---|---|---|---|
| 001 | 0011553 | ||
| 003 | KOHA_MİRAKIL | ||
| 005 | 20260207001821.0 | ||
| 007 | ta | ||
| 008 | 091214b1996 tu |||gr||||#||||0|tur | | ||
| 020 | _c0,01 | ||
| 040 |
_aTR-BiSEU _btur _cTR-BiSEU _erda |
||
| 041 | 0 | _atur | |
| 044 | _ctu | ||
| 050 |
_aQK376 _b.Y45 1996 |
||
| 100 | 1 | _aYılmaz, K. Tuluhan. | |
| 245 | 1 |
_aAkdeniz doğal bitki örtüsü/ _cK. Tuluhan Yılmaz ; K. Tuluhan Yılmaz. |
|
| 264 | 1 |
_aAdana : _bÇukurova Üniversitesi Ziraat Fak. _c1996 |
|
| 300 | _a179 sayfa: resimli, tablo; 25 cm. | ||
| 336 |
_ametin _btxt _2rdacontent |
||
| 337 |
_aaracısız _bn _2rdamedia |
||
| 338 |
_acilt _bnc _2rdacarrier |
||
| 490 | 1 |
_aÇukurova Üniversitesi Ziraat Fakültesi yayınları ; _v141. |
|
| 490 | 1 |
_aYardımcı Ders Kitapları Yayın No ; _v13. |
|
| 500 | _aKaynakça ve dizin var. | ||
| 650 | 0 |
_aBotanik--Türkiye--Akdeniz Bölgesi. _928159 |
|
| 650 | 0 |
_aBitkiler--Türkiye--Akdeniz Bölgesi. _928160 |
|
| 830 | 1 |
_aÇukurova Üniversitesi Ziraat Fakültesi yayınları ; _v141. _923939 |
|
| 830 | 1 |
_aYardımcı Ders Kitapları Yayın No ; _v13. _928161 |
|
| 942 |
_2lcc _cBK |
||
| 999 |
_c11522 _d11522 |
||